Anagrammes villes françaises - Statistiques

Statistiques générales
  • Ce quiz a été pris 1 108 fois
  • Le résultat moyen est 17 sur 25
Statistiques - réponses
Anagramme Ville % Correct
Car Arc
90%
Pat Apt
89%
Pairs Paris
89%
Pua Pau
89%
Tees Sète
86%
Ciné Nice
85%
Nage Agen
82%
Trous Tours
81%
Nouer Rouen
80%
Néants Nantes
78%
Cane Caen
76%
Mines Nimes
76%
Nola Laon
73%
Ranges Angers
72%
Laçais Calais
72%
Chau Auch
68%
Elsa Ales
65%
Envers Nevers
61%
Mires Reims
54%
Laser Arles
51%
Enclave Valence
50%
Rotin Niort
49%
Gobeurs Bourges
48%
Manies Amiens
46%
Seuls Ussel
41%
Aucun quiz correspondant
Distribution des résultats
% des personnes avec chaque résultat
Percentile par nombre de réponses
Votre historique - résultats
Vous n’avez pas pris ce quiz